000 00730nam a22001937a 4500
999 _c15764
_d15764
003 AR-CdUCM
008 190429b ||||| |||| 00| 0 spa d
040 _aMUNICIPALIDAD PROVINCIAL DEL CUSCO
_cBIBLIOTECA MUNICIPAL DEL CUSCO
082 _a375.25 /
_bSU94
245 _aLa supervision escolar /
260 _aLima :
_bTalleres offset,
_c1959.
300 _a94 paginas ;
_c18 cm.
505 _aContenido : Principios y técnicas de organización de la supervisión -- La supervision en su aspecto creador -- La inspección y la supervsión -- La supervisión...
650 _aLa escuela
_934965
650 _aSupervision
_934966
650 _aTrabajo de supervision
_934967
942 _2ddc
_cLIBROS
945 _awnts
_d2019-04-29